Les prénoms en "ette" - Statistiques

Statistiques générales
  • Ce quiz a été pris 1 333 fois
    891 depuis la dernière actualisation
  • Le résultat moyen est 16 sur 49
Statistiques - réponses
Initiale Prénom % Correct
P Paulette
69%
Y Yvette
68%
J Juliette
67%
B Bernadette
65%
A Annette
62%
O Odette
53%
H Henriette
52%
C Claudette
51%
J Jeannette
51%
C Colette
50%
G Ginette
48%
G Georgette
47%
J Josette
45%
M Mariette
43%
L Linette
42%
L Lucette
41%
L Laurette
40%
A Antoinette
39%
P Pierrette
38%
M Marinette
37%
V Violette
37%
L Lisette
36%
H Huguette
35%
L Louisette
33%
A Arlette
32%
M Mauricette
31%
R Rosette
31%
S Suzette
30%
S Sylvette
30%
F Francette
29%
B Babette
28%
N Nicolette
23%
F Florette
21%
E Eliette
19%
J Janette
19%
L Lorette
19%
N Nanette
18%
C Charlette
16%
C Cosette
15%
E Etiennette
12%
T Toinette
12%
C Clairette
11%
G Guillemette
11%
G Gilette
8%
B Bette
7%
F Fleurette
7%
P Paquerette
7%
M Muguette
4%
G Guillaumette
3%
Aucun quiz correspondant
Distribution des résultats
% des personnes avec chaque résultat
Percentile par nombre de réponses
Votre historique - résultats
Vous n’avez pas pris ce quiz depuis la dernière actualisation